[Event "GER-chT U20"]
[Site "Magdeburg"]
[Date "2023.12.27"]
[Round "2.8"]
[White "Beliaev, Maksim"]
[Black "Schulter, Moritz"]
[Result "0-1"]
[WhiteElo "1086"]
[BlackElo "1594"]
[PlyCount "92"]
[EventDate "2023.12.26"]
[EventType "team-swiss"]
[EventRounds "7"]
[EventCountry "GER"]
[SourceTitle "CB03_2024"]
[SourceDate "2024.01.17"]
[SourceVersion "1"]
[SourceVersionDate "2024.01.17"]
[SourceQuality "1"]
[WhiteTeam "Essen Katernberg"]
[BlackTeam "Gera"]
[WhiteTeamCountry "GER"]
[BlackTeamCountry "GER"]

1. e4 e6 2. d4 d5 3. exd5 exd5 4. Nc3 Nf6 5. Bf4 Bb4 6. Bd3 0-0 7. Nge2 Bg4 8. f3 Bh5 9. Qd2 Nbd7 10. 0-0-0 b6 11. g4 Bg6 12. Bxg6 fxg6 13. a3 Be7 14. Ng3 c6 15. g5 Ne8 16. h4 Nd6 17. Qe2 Rxf4 18. Qe6+ Rf7 19. h5 Nf8 20. Qe5 Bxg5+ 21. Kb1 Bf4 22. Qe1 g5 23. Nge2 Qf6 24. Nxf4 Qxf4 25. h6 g6 26. Ne2 Qf6 27. Rf1 Re8 28. f4 gxf4 29. Rf3 Ne6 30. Nxf4 Nxf4 31. Qf1 g5 32. Rdd3 Qxh6 33. Rd2 Ref8 34. Rg3 Ne4 35. Qg1 Nxd2+ 36. Ka2 Ne4 37. Rg4 Rg7 38. Qe3 Qh3 39. Qg1 a6 40. b4 c5 41. dxc5 bxc5 42. bxc5 Qc3 43. Qh1 Rb8 44. Qb1 Rxb1 45. Kxb1 Rb7+ 46. Kc1 Qe1# 0-1